معجم المصطلحات التقنية و العلمية : (رقم التسجيلة. 4189)

تفاصيل مارك
000 -LEADER
fixed length control field 00515nam a22001697a 4500
005 - DATE AND TIME OF LATEST TRANSACTION
control field 20251108164124.0
008 - FIXED-LENGTH DATA ELEMENTS--GENERAL INFORMATION
fixed length control field 250721s1998 xx 000 0 ara d
082 14 - DEWEY DECIMAL CLASSIFICATION NUMBER
Classification number م/603/ندا
100 1# - MAIN ENTRY--PERSONAL NAME
Personal name نداف، نزار
245 10 - TITLE STATEMENT
Title معجم المصطلحات التقنية و العلمية :
Remainder of title روسي - عربي /
264 1# - PRODUCTION, PUBLICATION, DISTRIBUTION, MANUFACTURE, AND COPYRIGHT NOTICE
Place of production, publication, distribution, manufacture حلب :
Name of producer, publisher, distributor, manufacturer دار القلم العربي،
Date of production, publication, distribution, manufacture, or copyright notice 1998.
300 ## - PHYSICAL DESCRIPTION
Extent 448ص
650 17 - SUBJECT ADDED ENTRY--TOPICAL TERM
Topical term or geographic name as entry element معاجم المصطلحات
650 17 - SUBJECT ADDED ENTRY--TOPICAL TERM
Topical term or geographic name as entry element العلوم
942 ## - ADDED ENTRY ELEMENTS (KOHA)
Source of classification or shelving scheme Dewey Decimal Classification
Koha item type مراجع
المقتنيات
حالة السحب حالة الفقدان مصدر التصنيف حالة التلف غير قابل للإعارة المكتبة الرئيسية المكتبة الحالية موقع الرف تاريخ التزويد الرقم المتسلسل Total Checkouts رقم الإستدعاء الباركود تاريخ آخر ظهور تاريخ الفاتورة نوع المادة (كوها)
    Dewey Decimal Classification   Not For Loan المكتبة المركزية المكتبة المركزية مراجع 06/07/2004 390267   م/603/ندا 390267 28/07/2025 06/07/2004 مراجع
Implemented & Customized by: BBB with SCIT (Smart Chains for Information Technology)

Powered by Koha